00704nam a2200241 a 4500001001300000003000900013005001700022008004100039020001000080082001500090100002100105245002200126260004600148300000900194500003500203505002200238650003300260700002100293902000800314942000700322952011600329999001700445nice12345678IN_TiNIC20260116013424.0050524s1993 newa grp 000 0 eng  ac60000a181.4bGRO aGrover, Verinder aC Rajagopalachari aNew DelhibDeep & Deep Publicationsc1993 a616p aincludes index and biblioraphy2 aAppendices, Index aRajagopalachari C-Philosophy1 aGrover, Verinder bSRS cBK 001040708StackRoom-aHMIbHMId2007-08-01g600.00l0o181.4 GROp016943r2007-08-01v600.00w2005-05-24yBK c10916d10916